00340 2200145 4500245005200000250001100052100002400063650001600087650001700103005001900120260001800139041001400157084001400171336000900185 aThe Day Before StorycFathir Fianma PutrahText aCet. 1 aFathir Fianma Putra aKarya Siswa aAutobiografi a20250521110604 aJakartac2025 aIndonesia a081 FAT t atext